000 00370nam a22001457a 4500
003 OSt
005 20231030044557.0
008 231030b |||||||| |||| 00| 0 eng d
040 _cIIMT College of Engineering - B.Tech
100 _aD L MANJUNATH
245 _aENVIRONMENTAL STUDIES
260 _aNEW DELHI
_bPEARSON INDIA
_c2024
300 _a203
942 _2ddc
_c02
_e1ST
999 _c57578
_d57578